Introduzione allo studio dell'età giustinianea

Guardado en:
Detalles Bibliográficos
Autor principal: Bonini, Roberto (Autor)
Formato: Libro
Lenguaje:italiano
Publicado: Bolonia Pàtron Editore 1978
Colección:Collana di Scienze Giuridiche, 5
Materias:
Etiquetas: Agregar Etiqueta
Sin Etiquetas, Sea el primero en etiquetar este registro!

MARC

LEADER 00000nam a2200000 a 4500
001 UCR0288
003 CL-VaPUC
008 971129e19780000IT |||||||||||||||||ita|d
082 0 4 |a 340.5409  |b BON  |2 21 
100 0 |a Bonini, Roberto  |e author  |9 395741 
245 1 0 |a Introduzione allo studio dell'età giustinianea 
300 |a 130 p 
942 |c BK 
945 |d 19971129 00:00:00  |a aolguin 
260 |a Bolonia  |b Pàtron Editore  |c 1978 
600 0 |a Justiniano I  |d 483-565  |9 858631 
650 0 |a Derecho romano  |9 255930 
650 0 |a Historia  |9 255047 
650 7 |a EPOCA JUSTINIANA  |2 CL-VaPUC  |9 395742 
650 0 |a Código justiniano  |9 395743 
650 0 |a Método jurídico  |9 254884 
650 0 |a Digestos  |9 395744 
650 7 |a LEGISLACION  |2 CL-VaPUC  |9 395745 
650 7 |a DERECHO  |2 CL-VaPUC  |9 395746 
650 0 |a Procedimiento penal  |9 254974 
650 7 |a PODER IMPERIAL  |2 CL-VaPUC  |9 395747 
583 |a last modification  |c 19971129 00:00:00  |k Rodrigo Vera 
490 0 |a Collana di Scienze Giuridiche, 5 
999 |c 263832  |d 263830 
952 |0 0  |1 0  |4 0  |6 340_540900000000000_BON_1978  |7 0  |8 DER_ROM  |9 293316  |a BIBDER  |b BIBDER  |d 2019-11-19  |i 1898671  |l 2  |o 340.5409 BON 1978  |p 1898671  |r 2023-01-25  |s 2021-01-07  |w 2019-11-19  |x Ubicación 4to piso  |y BK  |z Este recurso debe solicitarse con anticipación  |k DER